Normale Ansicht MARC-Ansicht ISBD

"In Frankfurt blühte das kulturelle Leben". (Titelsatznr. 371082)

[ MARC ]
MARC-Details
000 -Satzkennung
Kontrollfeld mit fester Länge 01045nam a22002417a 4500
008 - Feld mit fester Länge zur physischen Beschreibung - Allgemeine Angaben
Kontrollfeld mit fester Länge 201127b ||||| |||| 00| 0 eng d
040 ## - Katalogisierungsquelle
Original-Katalogisierungsstelle DE-2950
Katalogisierungssprache ger
Übertragungsstelle DE-2950
Beschreibungsfestlegungen rda
041 ## - Sprachcode
Sprachcode des Textes/der Tonspur oder des separaten Titels ger
100 ## - Person oder Familie als 1. geistiger Schöpfer
Personenname Wierzbowski, Marcin:
245 ## - Titel
Haupttitel "In Frankfurt blühte das kulturelle Leben".
Titelzusatz Industriekultur: Ab 1967 kamen jeden Tag Arbeiterinnen und Arbeiter aus Slubice, Rzepin oder Cybinka, um im Halbleiterwerk in Frankfurt zu arbeiten. Eine von ihnen war Irena Sokotowska, die viel Positives mit ihrer Zeit im HFO verbindet. Sie erinnert sich./
Verantwortlichkeitsangabe Marcin Wierzbowski
264 ## - Veröffentlichungsangabe, Vertriebsangabe, Herstellungsangabe
Erscheinungs-, Vertriebs-, Herstellungsdatum 2021
653 ## - Lokales Schlagwort
Nicht-normierter Term Frankfurt (Oder)
653 ## - Lokales Schlagwort
Nicht-normierter Term Halbleiterwerk Frankfurt (Oder)
653 ## - Lokales Schlagwort
Nicht-normierter Term Industriekultur
653 ## - Lokales Schlagwort
Nicht-normierter Term Kulturleben
653 ## - Lokales Schlagwort
Nicht-normierter Term Stadtarchiv (Frankfurt (Oder))
653 ## - Lokales Schlagwort
Nicht-normierter Term Ausstellung
773 ## - Übergeordnete Einheit
Ort, Verlag und Erscheinungsjahr Frankfurt (Oder) Märkisches Verlags- und Druckhaus GmbH & Co KG
Titel Märkische Oderzeitung
Verknüpfungsangaben 32. Jahrgang (2021) Nr. 257 vom 03.11.2021, S. 16
942 ## - Zusätzliche Felder (Koha)
Koha-Medientyp Aufsätze
Exemplare
Ausgeschieden Verloren Beschädigt Nicht entleihbar Permanenter Standort Aktueller Standort Aufstellungsort Eingabedatum Anzahl Ausleihen Signatur Letzte Aktivität Preis gültig von Medientyp
        Stadtarchiv Frankfurt (Oder) | Archivbibliothek Stadtarchiv Frankfurt (Oder) | Archivbibliothek Magazin 03/11/2021   Z2 03/11/2021 03/11/2021 Aufsätze